| 000 | 00714nam a2200205 a 4500 | ||
|---|---|---|---|
| 005 | 20231025063710.0 | ||
| 008 | 991125s1991 bos 000 0 eng u | ||
| 035 | _aUPN01000020460 | ||
| 049 | _aC | ||
| 050 | 4 |
_aL10 E75 _b1991 |
|
| 245 | 0 | 0 |
_aEric : _b1982-June 1991 / _cCurrent index to Journals in Education Resources in Education. -- 1982-1991 |
| 260 |
_aBoston, E.U.A. : _bSilver Platter, _c1991 |
||
| 300 | _a1 archivo de datos | ||
| 500 | _aNo se conoce el tamaño de los archivos | ||
| 500 | _aDisponible en el Departamento de Documentación | ||
| 650 | 4 |
_aEducación _vPublicaciones periódicas _916004 |
|
| 710 | 2 | _aEducational Resources Information Center | |
| 904 |
_aAC _b020461 |
||
| 905 | _aLibro | ||
| 999 |
_c20460 _d20460 |
||